000 00534nam a2200181 i 4500
001 73562
003 ES-MaACL
007 t|
008 040908s1981 sp ||||1| spa d
100 1 _aGómez de Liaño, Ignacio.
_957908
245 1 0 _aArcadia /
_cIgnacio Gómez de Liaña.
260 _a[Madrid] :
_bAlfaguara,
_c[1981]
300 _a382 p. ;
_c22 cm.
490 1 _aAlfaguara. Nueva Ficción. Nostromo
830 0 _aAlfaguara. Nueva Ficción. Nostromo
_9182890
852 _aES-MaACL
_jL-4138
_bR.104499
999 _c73562
_d73562